000 00272nam a22001337a 4500
008 210609b ||||| |||| 00| 0 eng d
041 _aeng
080 _a91
082 _a91
100 _a42
101 _aGJEO
245 _aSelect Science
_cDuvall,L
942 _2udc
_cBK
999 _c58096
_d58096